[Event "San Francisco TNM Summer op"]
[Site "San Francisco"]
[Date "2014.07.08"]
[Round "7"]
[White "Fomin, Gennadiy"]
[Black "Matz, James I"]
[Result "1-0"]
[WhiteElo "2089"]
[BlackElo "1772"]
[PlyCount "59"]
[EventDate "2014.05.27"]
[EventType "swiss"]
[EventRounds "8"]
[EventCountry "USA"]
[SourceTitle "EXT 2016"]
[Source "ChessBase"]
[SourceDate "2015.10.08"]
[SourceVersion "1"]
[SourceVersionDate "2015.10.08"]
[SourceQuality "1"]

1. f4 d5 2. Nf3 Nf6 3. e3 Nc6 4. Be2 h6 5. 0-0 Bf5 6. d3 e6 7. b3 Bc5 8. d4 Be7 9. Bd3 Ne4 10. Nfd2 0-0 11. Nxe4 dxe4 12. Be2 Bf6 13. Bb2 Ne7 14. Qd2 c5 15. c3 Qb6 16. Na3 Rfd8 17. Nc4 Qc7 18. Ne5 Bxe5 19. fxe5 Qxe5 20. Qe1 cxd4 21. exd4 Qd6 22. Bh5 Nd5 23. g4 Nf4 24. gxf5 Nxh5 25. Qxe4 Nf6 26. Qg2 exf5 27. Rxf5 Re8 28. Raf1 Re6 29. d5 Nxd5 30. Qxd5 1-0